000 00682cam a22002411 4500
001 sa 68005086
003 DLC
005 20260227112506.0
008 711108s1957 io a b 000 0 eng
010 _asa 68005086
040 _aDLC
_cDLC
_dDLC
041 0 _aengind
043 _aa-io---
050 0 0 _aSD97.I6
_bL45 1957
110 1 _aLembaga Pusat Penjelidikan Kehutanan.
245 1 0 _aForest research in Indonesia.
260 _aBogor
_c[1957]
300 _a55 p. (chiefly illus.)
_c29 cm.
500 _aEnglish and Indonesian.
504 _aIncludes bibliography.
650 0 _aForests and forestry
_zIndonesia.
650 0 _aForests and forestry
_xResearch
_zIndonesia.
999 _c80518
_d80518